01459nam a2200253 a 450000100100000000500170001000800410002704000250006808200210009310000400011424500560015426000360021030000270024659000260027365000280029965000310032791000380035895201340039695201340053095201340066495201920079895201980099099900170118800001026920240412074216.0091006s1988 dr r 000 p spa d aDO-SdBNPbspacBNPHU aRD861.44bF316po1 aFéliz, Rafael Nino,d1954-92528510aPortada universal :bpoemas /cRafael Nino Féliz. aSanto Domingo :bTaller,c1988. a72 p. :bil. ;c20 cm. aInventariado, 2018/BT 0aPoesía dominicana966 0aLiteratura dominicana.967 aValidado. Control de calidad. MFF 001054708DSaGRbGRcHDd2009-10-06iLF1l0oRD861.44 F316pop10269-30r2020-06-25te. 3w2020-06-25yLFDSZPréstamo en sala 001054708DSaGRbGRcHDd2009-10-06iLF1l0oRD861.44 F316pop10269-40r2020-06-25te. 4w2020-06-25yLFDSZPréstamo en sala 001054708DSaGRbGRcHDd2009-10-06iLF1l0oRD861.44 F316pop10269-50r2020-06-25te. 5w2020-06-25yLFDSZPréstamo en sala 0010718PDaPDbPDcHDd2009-10-06iLF1l0oRD861.44 F316pop10269-10r2020-06-25w2020-06-25yLFPDzPerteneció a la biblioteca personal de Juan Isidro Jimenes Grullón.ZNo se presta 0010718PDaPDbPDcHDd2009-10-06iLF1l0oRD861.44 F316pop10269-20r2020-06-25te. 2w2020-06-25yLFPDzPerteneció a la biblioteca personal de Juan Isidro Jimenes Grullón.ZNo se presta c10028d10028